Thermal Science and Engineering (Record no. 3750)

MARC details
000 -LEADER
fixed length control field 00409nam a22001697a 4500
005 - DATE AND TIME OF LATEST TRANSACTION
control field 20160624095707.0
008 - FIXED-LENGTH DATA ELEMENTS--GENERAL INFORMATION
fixed length control field 160624b xxu||||| |||| 00| 0 eng d
020 ## - INTERNATIONAL STANDARD BOOK NUMBER
ISBN 81-318-0129-2
041 ## - LANGUAGE CODE
Language code of text/sound track or separate title eng
082 ## - DEWEY DECIMAL CLASSIFICATION NUMBER
Item number 9487
100 ## - MAIN ENTRY--AUTHOR NAME
Personal name Rajpat, R.K.
245 ## - TITLE STATEMENT
Title Thermal Science and Engineering
260 ## - PUBLICATION, DISTRIBUTION, ETC. (IMPRINT)
Name of publisher Laxmi Publication
Year of publication 2011
300 ## - PHYSICAL DESCRIPTION
Number of Pages 520
650 ## - SUBJECT ADDED ENTRY--TOPICAL TERM
Topical Term Diploma Engineering
942 ## - ADDED ENTRY ELEMENTS (KOHA)
Koha item type Books
Holdings
Lost status Damaged status Collection code Home library Current library Shelving location Date acquired Cost, normal purchase price Full call number Accession Number Koha item type
    MINING JRU Library JRU Library SHELF-58-A 24/06/2016 325.00 9487 9487 Books
    MINING JRU Library JRU Library SHELF-58-A 24/06/2016 325.00 9487 9488 Books